Statistiques concernant Les pays contenant Z - une minute sprint

Cliquez ici pour prendre le quiz!

Statistiques générales

  • Ce quiz a été pris 355 fois
    (237 depuis la dernière actualisation)
  • Le résultat moyen est 8 sur 12

Statistiques - réponses

pays% Correct
Zimbabwe
96%
Zambie
93%
Nouvelle-
Zélande
73%
Kazakhstan
66%
Ouzbékistan
64%
Azerbaïdjan
62%
Kirghizistan
57%
Mozambique
57%
Belize
56%
Bosnie-
Herzégovine
50%
Venezuela
46%
Tanzanie
41%

Distribution des résultats

Percentile par nombre de réponses

% des personnes avec chaque résultat

Votre développement - résultats

Vous n’avez pas pris ce quiz depuis la dernière actualisation